000 00901nam a2200253Ia 4500
003 OSt
005 20221005112138.0
006 a|||||r|||| 00| 0
007 ta
008 221004b |||||||| |||| 00| 0 pan d
020 _c450
024 _a116191
037 _b621, 07/03/2012, H.K. Prakashan
_cTextual
040 _aCRL
_cCRL
_bpan
041 _2pan
_apan
082 _aQ8441:g, 153P5
100 _aਢਿੱਲੋ੍ਵ, ਅਜਾਇਬ ਸਿੰਘ
245 0 _aਹਰ ਨਵੇ੍ਵ ਸੂਰਜ ਨਵੀ੍ਵ ਸਿੱਖ ਸੁਰਬੀਰਤਾ
260 _aਅੰਮ੍ਰਿਤਸਰ
_bਸਿੰਘ ਬ੍ਰਦਰਗ਼ ਭਾਰਤ
_c2005
300 _a630ਪੰ
_ccm.
650 _aਧਰਮ
942 _hQ8441:g, 153P5
_cTEXL
_2cc
999 _c1023956
_d1023956